000
00211 a2200097 4500
001
2404
100
_a
Dubridge, LA
245
_a
Introduction to space
260
_a
_b
Columbia University
_c
090
_c
1746
_d
1746
942
_a
NUST-CAE
_c
M
_c
8291
999
_c
237477
_d
237477